| 000 | 00529nam a22001817a 4500 | ||
|---|---|---|---|
| 005 | 20251127181604.0 | ||
| 008 | 251125b |||||||| |||| 00| 0 eng d | ||
| 020 | _a978-81-19613-48-8 | ||
| 041 | _aeng | ||
| 082 | _a615.32 RAJ-P | ||
| 100 |
_aRAJA. DR R RAMASUBRAMANIA . _98804 |
||
| 245 | _aPHARMACOGNOSY AND PHYTOCHEMISTRY-II : Practicals for B. Pharm, [2nd year] | ||
| 250 | _a1st ed, 2025 | ||
| 260 |
_aNEW DELHI _bINNOVATIVE PUBLICATIONS PVT LTD _c2025 |
||
| 300 | _a89;P | ||
| 650 |
_aPHARMACY _xB.PHARMA |
||
| 942 | _cBK | ||
| 999 |
_c8981 _d8979 |
||